00443nam a22001697a 450000500170000000800410001702000180005804000210007604100080009708200130010510000290011824500470014725000120019426000320020630000100023865000250024820211122122909.0211122b ||||| |||| 00| 0 eng d a9789391060787 aIN-DiNCcIN-DiNC deng a301bDAS aDasgupta, Piyalieauthor aSociological theories/cby Piyali Dasgupta a1st ed. aDibrugarh:bBanalata,c2021 a104p. aSociological thought